Welcome to CU Library Online Public Access Catalogue (OPAC)

An introduction to the new testament (Record no. 3932)

MARC details
000 -LEADER
fixed length control field 00450nam a22001817a 4500
005 - DATE AND TIME OF LATEST TRANSACTION
control field 20250218121821.0
008 - FIXED-LENGTH DATA ELEMENTS--GENERAL INFORMATION
fixed length control field 250218b |||||||| |||| 00| 0 eng d
020 ## - INTERNATIONAL STANDARD BOOK NUMBER
International Standard Book Number 9781844740895
050 ## - LIBRARY OF CONGRESS CALL NUMBER
Classification number BS 2330.2 CAR
Item number 1
100 ## - MAIN ENTRY--PERSONAL NAME
Personal name CARSON.D.A
245 ## - TITLE STATEMENT
Title An introduction to the new testament
250 ## - EDITION STATEMENT
Edition statement 2nd
260 ## - PUBLICATION, DISTRIBUTION, ETC.
Place of publication, distribution, etc. England
Name of publisher, distributor, etc. Appolos
Date of publication, distribution, etc. 2005c
300 ## - PHYSICAL DESCRIPTION
Extent 781p
500 ## - GENERAL NOTE
General note scripture index
700 ## - ADDED ENTRY--PERSONAL NAME
Personal name MOO, Douglas. J
942 ## - ADDED ENTRY ELEMENTS (KOHA)
Source of classification or shelving scheme Library of Congress Classification
Koha item type Books
Suppress in OPAC No
999 ## -
-- 3932
-- 3932
Holdings
Withdrawn status Lost status Source of classification or shelving scheme Damaged status Not for loan Collection Home library Current library Shelving location Date acquired Total checkouts Full call number Barcode Date last seen Copy number Price effective from Koha item type
    Library of Congress Classification     Non-fiction Graduate Library (Christ Temple) Graduate Library (Christ Temple) General stacks 02/18/2025   BS 2330.2 CAR GSCT00000513 02/18/2025 1 02/18/2025 Books
© 2023-2024 Copyright: Central University Libraries. All Rights Reserved | Created by: Mahone Tech Office